[Event "Calvia Amateur op 17th"]
[Site "Calvia"]
[Date "2020.10.18"]
[Round "9"]
[White "Amengual Perello, Jordi"]
[Black "Fichtinger, Leopold"]
[Result "1-0"]
[WhiteElo "2176"]
[BlackElo "1862"]
[PlyCount "49"]
[EventDate "2020.10.10"]
[EventType "swiss"]
[EventRounds "9"]
[EventCountry "ESP"]
[SourceTitle "CBM 198 Extra"]
[Source "ChessBase"]
[SourceDate "2020.11.30"]
[SourceVersion "1"]
[SourceVersionDate "2020.11.30"]
[SourceQuality "1"]

1. d4 Nf6 2. Nf3 d5 3. c4 e6 4. Nc3 c6 5. e3 Nbd7 6. Be2 dxc4 7. a4 Nb6 8. Ne5 Bb4 9. 0-0 0-0 10. Qc2 c5 11. Rd1 cxd4 12. Rxd4 Bd7 13. a5 Nfd5 14. Nxd7 Nxd7 15. Nxd5 exd5 16. Rxd5 Qe7 17. Qxc4 Rfd8 18. Rb5 Bd6 19. Rxb7 Rdc8 20. Qb5 Rc7 21. Rxc7 Bxc7 22. g3 Qc5 23. Qc4 Qd6 24. Qc3 Qd5 25. Qxc7 1-0

[Event "Calvia Amateur op 17th"]
[Site "Calvia"]
[Date "2020.10.15"]
[Round "6"]
[White "Dominguez Martinez, Nicolas"]
[Black "Fichtinger, Leopold"]
[Result "0-1"]
[WhiteElo "1631"]
[BlackElo "1862"]
[PlyCount "66"]
[EventDate "2020.10.10"]
[EventType "swiss"]
[EventRounds "9"]
[EventCountry "ESP"]
[SourceTitle "CBM 198 Extra"]
[Source "ChessBase"]
[SourceDate "2020.11.30"]
[SourceVersion "1"]
[SourceVersionDate "2020.11.30"]
[SourceQuality "1"]

1. c4 e5 2. g3 Nf6 3. Bg2 Nc6 4. Nc3 Bb4 5. Nf3 Bxc3 6. bxc3 0-0 7. 0-0 e4 8. Nd4 Re8 9. Qc2 d6 10. Nxc6 bxc6 11. d3 Bf5 12. Rd1 a6 13. Qa4 Bd7 14. c5 d5 15. d4 Bg4 16. Re1 Qd7 17. Rb1 g5 18. Rb7 a5 19. Bd2 Ra6 20. e3 Qc8 21. Reb1 Be2 22. Bf1 Bxf1 23. Kxf1 Qh3+ 24. Ke2 Qh5+ 25. Kf1 Qxh2 26. Rb8 Kg7 27. Rxe8 Qh1+ 28. Ke2 Qxb1 29. Re7 Qd3+ 30. Ke1 Ng4 31. Qd1 Nh2 32. Qe2 Qb1+ 33. Qd1 Nf3+ 0-1

[Event "Calvia Amateur op 15th"]
[Site "Calvia"]
[Date "2018.10.12"]
[Round "7"]
[White "Zielinski, Werner"]
[Black "Fichtinger, Leopold"]
[Result "0-1"]
[WhiteElo "2074"]
[BlackElo "1990"]
[PlyCount "78"]
[EventDate "2018.10.06"]
[EventType "swiss"]
[EventRounds "9"]
[EventCountry "ESP"]
[SourceTitle "CBM 186 Extra"]
[Source "ChessBase"]
[SourceDate "2018.08.24"]
[SourceVersion "1"]
[SourceVersionDate "2018.08.24"]
[SourceQuality "1"]

1. d4 Nf6 2. Bf4 d6 3. Nf3 Nbd7 4. e3 g6 5. h3 Bg7 6. Be2 0-0 7. c4 c5 8. 0-0 a6 9. Nc3 Qc7 10. Bh2 Re8 11. Rb1 Nf8 12. b4 Bf5 13. Bd3 cxb4 14. Rxb4 Qa5 15. Rb3 Be6 16. Qc2 b5 17. d5 bxc4 18. Bxc4 Bd7 19. Rfb1 Qc5 20. Qd3 Rec8 21. Bxa6 Bf5 22. e4 Nxe4 23. Nxe4 Bxe4 24. Qxe4 Rxa6 25. Bf4 Bf6 26. Rc1 Qxc1+ 27. Bxc1 Rxc1+ 28. Kh2 Rxa2 29. Ne1 Raa1 30. Nd3 Rh1+ 31. Kg3 h5 32. Kf3 Kg7 33. Ke2 e6 34. f4 exd5 35. Qxd5 Ne6 36. Rb7 Rae1+ 37. Kf2 Rhf1+ 38. Kg3 h4+ 39. Kg4 Re3 0-1

[Event "Benidorm op U2000 16th"]
[Site "Benidorm"]
[Date "2017.12.05"]
[Round "6"]
[White "Fichtinger, Leopold"]
[Black "Rionda Medio, Angel Arturo"]
[Result "1-0"]
[WhiteElo "1979"]
[BlackElo "1932"]
[PlyCount "143"]
[EventDate "2017.12.01"]
[EventType "swiss"]
[EventRounds "10"]
[EventCountry "ESP"]
[SourceTitle "EXT 2019"]
[Source "ChessBase"]
[SourceDate "2018.10.10"]
[SourceVersion "1"]
[SourceVersionDate "2018.10.10"]
[SourceQuality "1"]

1. d4 e6 2. e4 d5 3. Nc3 Bb4 4. e5 c5 5. a3 Bxc3+ 6. bxc3 Qa5 7. Bd2 Qa4 8. Qb1 a6 9. Nf3 Nd7 10. Bd3 c4 11. Be2 Ne7 12. 0-0 0-0 13. Qb4 Qxb4 14. cxb4 b5 15. a4 bxa4 16. Rxa4 Nb6 17. Ra3 Bd7 18. Rfa1 Bb5 19. Bc3 Nc6 20. g4 f6 21. exf6 gxf6 22. g5 e5 23. gxf6 e4 24. Ne5 Rxf6 25. Nxc6 Rxc6 26. Bd2 Nd7 27. Rg3+ Kh8 28. Bf4 Rf8 29. Bg5 h6 30. Be3 Rg8 31. Rf1 c3 32. Bxb5 axb5 33. f3 Rxg3+ 34. hxg3 exf3 35. Rxf3 Kg7 36. Bf4 Rc4 37. Re3 Nf6 38. Bd6 Ne4 39. Bc5 Nxc5 40. dxc5 d4 41. Re7+ Kf6 42. Rd7 Rxb4 43. c6 Ke6 44. Kf2 Rc4 45. Ke2 b4 46. Rb7 Rxc6 47. Rxb4 Rd6 48. Kd3 Ke5 49. Rb5+ Rd5 50. Rb6 Ra5 51. Rxh6 Ra1 52. Rh5+ Kd6 53. Kxd4 Ra4+ 54. Kxc3 Rg4 55. Rh3 Kc5 56. Kd3 Rd4+ 57. Ke3 Rc4 58. Rh2 Kd5 59. Rg2 Ke5 60. g4 Kf6 61. Kd3 Rc8 62. c4 Kg5 63. Kc3 Kf6 64. g5+ Kg6 65. Rg1 Rc7 66. Kd4 Rd7+ 67. Ke5 Re7+ 68. Kd6 Re2 69. c5 Rd2+ 70. Kc7 Rb2 71. c6 Rd2 72. Kc8 1-0

[Event "Benidorm op U2000 14th"]
[Site "Benidorm"]
[Date "2015.12.07"]
[Round "10"]
[White "Fichtinger, Leopold"]
[Black "Zibaei, Abdoulla"]
[Result "0-1"]
[WhiteElo "1951"]
[BlackElo "1914"]
[PlyCount "48"]
[EventDate "2015.11.28"]
[EventType "swiss"]
[EventRounds "10"]
[EventCountry "ESP"]
[SourceTitle "CBM 169 Extra"]
[Source "ChessBase"]
[SourceDate "2015.12.18"]
[SourceVersion "1"]
[SourceVersionDate "2015.12.18"]
[SourceQuality "1"]

1. d4 Nf6 2. c4 e5 3. dxe5 Ng4 4. e4 Nxe5 5. f4 Nec6 6. Be3 Bb4+ 7. Kf2 d6 8. a3 Ba5 9. Bd3 Qf6 10. Ra2 Bb6 11. Ne2 Bg4 12. Nbc3 Bxe2 13. Kxe2 Qg6 14. Bxb6 axb6 15. Qg1 Qg4+ 16. Ke3 0-0 17. Nd5 Na6 18. Bb1 Na5 19. Qf1 Nb3 20. Ne7+ Kh8 21. Nf5 Rfe8 22. Kd3 Rxe4 23. Kc3 Rxf4 24. Qd1 Rxc4+ 0-1

[Event "Benidorm op U2000 13th"]
[Site "Benidorm"]
[Date "2014.11.29"]
[Round "2"]
[White "Fichtinger, Leopold"]
[Black "Puig Carres, Josep"]
[Result "1-0"]
[WhiteElo "1941"]
[BlackElo "1789"]
[PlyCount "39"]
[EventDate "2014.11.28"]
[EventType "swiss"]
[EventRounds "10"]
[EventCountry "ESP"]
[SourceTitle "CBM 163 Extra"]
[Source "ChessBase"]
[SourceDate "2014.12.23"]
[SourceVersion "1"]
[SourceVersionDate "2014.12.23"]
[SourceQuality "1"]

1. d4 d5 2. Nf3 Nc6 3. c4 dxc4 4. d5 Nb8 5. e4 Nf6 6. Nc3 e6 7. Bxc4 exd5 8. exd5 Be7 9. 0-0 0-0 10. Re1 Bg4 11. Bg5 Nbd7 12. Qd4 Bxf3 13. gxf3 Nxd5 14. Bxe7 Nxe7 15. Rad1 Nb6 16. Qc5 Ned5 17. Bxd5 Qg5+ 18. Kh1 Qf5 19. Qe3 c6 20. Bb3 1-0

[Event "Vienna Husek op-A"]
[Site "Vienna"]
[Date "2012.08.14"]
[Round "2"]
[White "Fichtinger, Leopold"]
[Black "Thoma, Wilhelm"]
[Result "0-1"]
[WhiteElo "2002"]
[BlackElo "2114"]
[PlyCount "74"]
[EventDate "2012.08.13"]
[EventType "swiss"]
[EventRounds "7"]
[EventCountry "AUT"]
[SourceTitle "EXT 2014"]
[Source "ChessBase"]
[SourceDate "2013.11.20"]
[SourceVersion "1"]
[SourceVersionDate "2013.11.20"]
[SourceQuality "1"]

1. e4 e6 2. d4 d5 3. exd5 exd5 4. Bd3 Bd6 5. Ne2 Qh4 6. Nd2 Bg4 7. Nf1 Nc6 8. c3 Nf6 9. Nfg3 g6 10. Be3 0-0-0 11. Qd2 h6 12. 0-0-0 Rde8 13. f3 Bd7 14. Bf4 Bxf4 15. Qxf4 Qxf4+ 16. Nxf4 Nd8 17. Rde1 c6 18. Kd2 Kc7 19. Re2 Rxe2+ 20. Bxe2 g5 21. Nd3 h5 22. h4 Rg8 23. Nf1 gxh4 24. Ne3 h3 25. gxh3 h4 26. Ne5 Bc8 27. f4 Ne4+ 28. Ke1 Ng3 29. Rh2 f6 30. Nf3 Re8 31. Ng4 Bxg4 32. hxg4 Ne6 33. f5 Nf4 34. Ng1 h3 35. g5 Ngxe2 36. gxf6 Nxg1+ 37. Kf2 Nge2 0-1

[Event "Vienna Husek op-A"]
[Site "Vienna"]
[Date "2012.08.13"]
[Round "1"]
[White "Sadilek, Peter"]
[Black "Fichtinger, Leopold"]
[Result "1-0"]
[WhiteElo "2238"]
[BlackElo "2002"]
[PlyCount "27"]
[EventDate "2012.08.13"]
[EventType "swiss"]
[EventRounds "7"]
[EventCountry "AUT"]
[SourceTitle "EXT 2014"]
[Source "ChessBase"]
[SourceDate "2013.11.20"]
[SourceVersion "1"]
[SourceVersionDate "2013.11.20"]
[SourceQuality "1"]

1. d4 Nf6 2. c4 e6 3. Nc3 Bb4 4. e3 c5 5. Nge2 d5 6. a3 Bxc3+ 7. Nxc3 Nc6 8. dxc5 0-0 9. Be2 Qa5 10. b4 Nxb4 11. Bd2 Na6 12. Nxd5 Qxc5 13. Bb4 Nxb4 14. axb4 1-0

[Event "Voesendorf op-A 11th"]
[Site "Voesendorf"]
[Date "2008.05.22"]
[Round "1"]
[White "Fichtinger, Leopold"]
[Black "Behling, Robert"]
[Result "1-0"]
[WhiteElo "2074"]
[BlackElo "2251"]
[PlyCount "100"]
[EventDate "2008.05.22"]
[EventType "swiss"]
[EventRounds "5"]
[EventCountry "AUT"]
[SourceTitle "CBM 124 Extra"]
[Source "ChessBase"]
[SourceDate "2008.07.03"]
[SourceVersion "1"]
[SourceVersionDate "2008.07.03"]
[SourceQuality "1"]

1. e4 c6 2. d4 d5 3. exd5 cxd5 4. c4 Nf6 5. Nc3 e6 6. Nf3 Bb4 7. Qa4+ Nc6 8. Ne5 Qa5 9. Qxa5 Bxa5 10. Nxc6 bxc6 11. cxd5 cxd5 12. f3 Rb8 13. a3 Rb3 14. Kd2 Bd7 15. Kc2 Rb7 16. Ba6 Rb6 17. Be2 Rc6 18. Bf4 0-0 19. Rac1 Rfc8 20. Kb3 Bb6 21. Rhd1 Ne8 22. a4 Bc7 23. Bxc7 R6xc7 24. Ka3 Nd6 25. Na2 Nc4+ 26. Bxc4 Rxc4 27. Rxc4 Rxc4 28. Nc3 Kf8 29. Rd3 Ke7 30. b3 Rc7 31. Kb2 Rb7 32. Kc2 Kd6 33. f4 f6 34. h4 Be8 35. Kb2 a6 36. Ka3 Bg6 37. Re3 Bc2 38. b4 Bf5 39. b5 a5 40. Na2 Be4 41. Rc3 Rb6 42. Nc1 e5 43. fxe5+ fxe5 44. dxe5+ Kxe5 45. Rg3 d4 46. Rxg7 d3 47. Nb3 Bd5 48. Rg5+ Ke4 49. Nc5+ Kd4 50. Nxd3 Re6 1-0

[Event "Vienna op-B 14th"]
[Site "Vienna"]
[Date "2003.08.21"]
[Round "6"]
[White "Karaba, David"]
[Black "Fichtinger, Leopold"]
[Result "1-0"]
[WhiteElo "1821"]
[BlackElo "1915"]
[PlyCount "118"]
[EventDate "2003.08.16"]
[EventType "swiss"]
[EventRounds "9"]
[EventCountry "AUT"]
[SourceTitle "CBM 095 Extra"]
[Source "ChessBase"]
[SourceDate "2003.09.04"]
[SourceVersion "1"]
[SourceVersionDate "2003.09.04"]
[SourceQuality "1"]

1. e4 c5 2. c3 d6 3. d4 Nf6 4. Bd3 cxd4 5. cxd4 g6 6. Nf3 Bg7 7. Nc3 0-0 8. 0-0 e5 9. dxe5 dxe5 10. h3 Nbd7 11. Be3 Qe7 12. Rc1 Rd8 13. Qb3 Nb6 14. Rfd1 Be6 15. Qc2 Nfd7 16. Qe2 Rac8 17. Ng5 Bc4 18. Bxc4 Rxc4 19. Nf3 Rcc8 20. Rd2 Nc5 21. Bxc5 Qxc5 22. Rcd1 Rxd2 23. Nxd2 Qc6 24. Nb3 Bf8 25. Qb5 Qxb5 26. Nxb5 a6 27. Nc3 Nc4 28. Rb1 Nxb2 29. Nd5 Rc2 30. Ne3 Re2 31. Kf1 Rxe3 32. fxe3 Nc4 33. Ke2 b5 34. Rc1 Bh6 35. Rc3 Bf8 36. Rd3 Bd6 37. Nd2 Bb4 38. Nxc4 bxc4 39. Rd8+ Kg7 40. Rc8 c3 41. Rc4 a5 42. Kd3 f5 43. exf5 gxf5 44. Rc6 Kf7 45. e4 f4 46. Rxc3 Bxc3 47. Kxc3 Kg6 48. Kc4 Kg5 49. Kd5 f3 50. gxf3 Kf4 51. h4 a4 52. a3 h5 53. Ke6 Kxf3 54. Kxe5 Kg3 55. Kf6 Kxh4 56. e5 Kg3 57. e6 h4 58. e7 h3 59. e8Q h2 1-0

[Event "Vienna op-B 14th"]
[Site "Vienna"]
[Date "2003.08.20"]
[Round "5"]
[White "Fichtinger, Leopold"]
[Black "Klinger, Michaela"]
[Result "1-0"]
[WhiteElo "1915"]
[BlackElo "1676"]
[PlyCount "93"]
[EventDate "2003.08.16"]
[EventType "swiss"]
[EventRounds "9"]
[EventCountry "AUT"]
[SourceTitle "CBM 095 Extra"]
[Source "ChessBase"]
[SourceDate "2003.09.04"]
[SourceVersion "1"]
[SourceVersionDate "2003.09.04"]
[SourceQuality "1"]

1. e4 e6 2. d4 d5 3. Nc3 Bb4 4. e5 c5 5. a3 Bxc3+ 6. bxc3 Nc6 7. Qg4 Kf8 8. Nf3 f6 9. Qf4 f5 10. a4 Qa5 11. Qd2 Nge7 12. Bb5 Bd7 13. 0-0 Nxe5 14. Bxd7 Nxd7 15. Ng5 e5 16. dxe5 Nxe5 17. Qe3 Ng4 18. Qe6 Nh6 19. Qd6 Qb6 20. Qe5 Qg6 21. Re1 Nc6 22. Qxd5 Nf7 23. Ne6+ Kg8 24. Rb1 Re8 25. Bd2 Re7 26. Nf4 Qf6 27. Rxb7 Rxe1+ 28. Bxe1 h6 29. Rc7 Nce5 30. Nd3 Ng6 31. c4 Nf8 32. Bc3 Qe6 33. Qxc5 Kh7 34. Qxa7 Kg8 35. Qd4 Rh7 36. g3 g5 37. a5 Qa6 38. Nc5 Qa8 39. Qd5 Qb8 40. Rb7 Qc8 41. Be5 Qa8 42. a6 g4 43. Ne6 Qxa6 44. Rb8 Qa3 45. Nxf8 Qxf8 46. Rxf8+ Kxf8 47. Qc5+ 1-0

[Event "Vienna op-B 14th"]
[Site "Vienna"]
[Date "2003.08.19"]
[Round "4"]
[White "Strohmer, Harald"]
[Black "Fichtinger, Leopold"]
[Result "1-0"]
[WhiteElo "1794"]
[BlackElo "1915"]
[PlyCount "71"]
[EventDate "2003.08.16"]
[EventType "swiss"]
[EventRounds "9"]
[EventCountry "AUT"]
[SourceTitle "CBM 095 Extra"]
[Source "ChessBase"]
[SourceDate "2003.09.04"]
[SourceVersion "1"]
[SourceVersionDate "2003.09.04"]
[SourceQuality "1"]

1. d4 Nf6 2. c4 g6 3. Nc3 d5 4. cxd5 Nxd5 5. e4 Nxc3 6. bxc3 Bg7 7. Be3 c5 8. Nf3 0-0 9. Rc1 Qa5 10. Qd2 Rd8 11. h3 cxd4 12. cxd4 Qxd2+ 13. Nxd2 Nc6 14. d5 Na5 15. Bf4 b6 16. Bc7 Rf8 17. g4 Nb7 18. Bb5 Nc5 19. Ke2 Bd7 20. Rxc5 bxc5 21. Bxd7 c4 22. Nxc4 Rac8 23. Bxc8 Rxc8 24. Kd3 Rxc7 25. f4 Rd7 26. Rb1 f5 27. Rb8+ Kf7 28. Ne5+ Bxe5 29. fxe5 e6 30. d6 fxg4 31. hxg4 h5 32. g5 Kg7 33. Kd4 h4 34. Kc5 h3 35. Kc6 h2 36. Rb1 1-0